Statistics for 5-Letter Word Chain Game #1

Click here to take the quiz!

General Stats

  • This quiz has been taken 66,392 times
    (66,316 since last reset)
  • The average score is 24 of 32

Answer Stats

HintAnswer% Correct
Academy AwardOscar
94%
Gandhi's countryIndia
91%
Person from the Italian capitalRoman
91%
After sunset, before sunriseNight
91%
FrequentlyOften
91%
Sight, taste, smelling, hearing, _____Touch
90%
You can get this from a beeHoney
88%
Press this key to get a new lineEnter
87%
Japanese animationAnime
87%
Type of partner danceTango
87%
What a 90 year old was 70 years agoYoung
86%
FortunateLucky
83%
French for "red"Rouge
83%
Considered by many to be the world's
most populous city
Tokyo
83%
DeliciousYummy
82%
Add "ia" to this country's name to
get a different country
Niger
82%
Country in the Middle EastYemen
81%
Without this, no breadYeast
78%
___ Domestic ProductGross
75%
One way to cook meatRoast
75%
Not lightHeavy
73%
Up for like, down for dislikeThumb
73%
AdditionalExtra
73%
Cheers!Toast
69%
Because it's very humourous!Laugh
68%
You can sit on it, but you can't lean backStool
68%
Gasses such as helium, neon,
argon, etc...
Noble
64%
Homophone of ateEight
64%
One who is barred from his home countryExile
58%
Hammer, ___, and stirrup in your earAnvil
50%
NothingBlank
26%
Japanese letters adapted from ChineseKanji
26%

Score Distribution

Percentile by Number Answered

Percent of People with Each Score

Your Score History

You have not taken this quiz since the last reset